Statistics for CFB - Guess the Star College Football Player

Click here to take the quiz!

General Stats

  • This quiz has been taken 64 times
  • The average score is 10 of 14

Answer Stats

HintAnswer% Correct
Ohio State Buckeyes - WR - #18Marvin Harrison Jr.
98%
USC - QB - #13Caleb Williams
96%
LSU - QB - #5Jayden Daniels
94%
Michigan Wolverines - QB - #9J.J. McCarthy
94%
Washington Huskies - QB - #9Michael Penix Jr.
91%
Colorado Buffaloes - WR/DB - #12Travis Hunter
91%
Michigan Wolverines - RB - #2Blake Corum
85%
Washington Huskies - WR - #1Rome Odunze
77%
Alabama - CB - #1Kool-Aid McKinstry
70%
Oregon Ducks - RB - #0Bucky Irving
47%
Florida Gators - WR - #1Ricky Pearsall
43%
Florida State - RB - #3Trey Benson
42%
Ohio State Buckeyes - CB - #10Denzel Burke
34%
Missouri Tigers - CB - #7Kris Abrams-Draine
17%

Score Distribution

Percentile by Number Answered

Percent of People with Each Score

Your Score History

You have not taken this quiz